banner-ar

سبل الهدى والرشاد فى سيرة خير العباد الجزء الرابع / (Record no. 39537)

MARC details
000 -الفاتح
حقل البيانات ثابتة الطول 00935nam a2200217Ia 4500
005 - وقت وتاريخ اخر تعامل مع التسجيلة
رقم الضبط 20240530103443.0
008 - عناصر البيانات ثابتة الطول - معلومات عامة
حقل البيانات ثابتة الطول 140319s9999 xx 000 0 ara d
040 ## - مصدر الفهرسة
وكالة الفهرسة الأصلية GCL /
وكالة النسخ GCL
082 04 - رقم تصنيف ديوى العشرى
رقم التصنيف 239
رقم المادة ش س
100 1# - المدخل الرئيسى - إسم شخصى
الإسم الشخصى الشمس الشامى ، شمس الدين محمد بن يوسف بن على بن يوسف
245 10 - بيان العنوان
العنوان سبل الهدى والرشاد فى سيرة خير العباد الجزء الرابع /
بيان المسئوليه,etc الشمس الشامى ، شمس الدين محمد بن يوسف بن على بن يوسف ؛ تحقيق ابراهيم الترزى ، عبدالكريم الغرباوى
300 ## - الوصف المادى
التعداد 598 ص
490 ## - بيان السلسلة
عنوان السلسلة السيرة النبوية
رقم المجلد/ التعيين التسلسلي 0
650 04 - المدخل الاضافى بالموضوع-مصطلح موضوعى
مصطلح موضوعي الاسلام
650 04 - المدخل الاضافى بالموضوع-مصطلح موضوعى
مصطلح موضوعي السيرة النبوية
650 04 - المدخل الاضافى بالموضوع-مصطلح موضوعى
مصطلح موضوعي الدين الاسلامى
700 1# - المدخل الاضافى - اسم شخصى
الإسم الشخصى عبدالكريم الغرباوى
الدور محقق
700 1# - المدخل الاضافى - اسم شخصى
الإسم الشخصى ابراهيم الترزى
الدور محقق
942 ## - عناصر المدخل الإضافي( كوها)
مصدر التصنيف او مخطط الترفيف Dewey Decimal Classification
Koha [default] item type كتاب
Holdings
حالة التراجع حالة الفقد حالة تلف ليس للاعارة المكان المؤقت الموقع الحالى تاريخ الاكتساب اجمالي اﻻعارات رقم الطلب الباركود تاريخ اخر مشاهدة تاريخ تفعيل السعر نوع وعاء كوها
        مكتبة القاهرة الكبرى مكتبة القاهرة الكبرى 03/26/2014   239\ش س 96633 03/26/2014 03/26/2014 كتاب

Powered By

EGPV